|
|
|
|
| LEADER |
01642nam a2200325 a 4500 |
| 001 |
10323 |
| 003 |
BD-DhAAL |
| 008 |
090730s2004 bg ab b 001 0 eng d |
| 010 |
|
|
|a \\2004329445
|
| 020 |
|
|
|a 9848509003
|
| 040 |
|
|
|a DLC
|c DLC
|d DLC
|d BD-DhAAL
|
| 082 |
0 |
0 |
|a 954.92031
|2 22
|
| 245 |
0 |
0 |
|a Bangladesh, national culture, and heritage :
|b an introductory reader /
|c edited by A.F. Salahuddin Ahmed, Bazlul Mobin Chowdhury.
|
| 260 |
|
|
|a Dhaka :
|b Independent University :
|c 2004.
|
| 300 |
|
|
|a 466 pages,
|b col. ill., maps ;
|c 24 cm.
|
| 504 |
|
|
|a Includes bibliographical references and index.
|
| 526 |
|
|
|a AAL
|
| 541 |
1 |
|
|a Development Book Agency
|e 00010323,
|
| 651 |
|
0 |
|a Bangladesh
|x History
|y 19th century.
|9 29497
|
| 651 |
|
0 |
|a Bangladesh
|x History
|y 20th century.
|9 29498
|
| 651 |
|
0 |
|a Bangladesh
|x Civilization
|y 19th century.
|9 29499
|
| 651 |
|
0 |
|a Bangladesh
|x Civilization
|y 20th century.
|9 29500
|
| 700 |
1 |
|
|a Ahmed, A. F. Salahuddin,
|d 1924-
|9 29501
|
| 700 |
1 |
|
|a Chowdhury, Bazlul Mobin.
|9 29502
|
| 852 |
4 |
|
|a Ayesha Abed Library
|
| 942 |
|
|
|2 ddc
|c BK
|
| 999 |
|
|
|c 3750
|d 3750
|
| 952 |
|
|
|0 0
|1 0
|2 ddc
|4 0
|6 954_920310000000000_BAN
|7 0
|9 3401
|a BRACUL
|b BRACUL
|c GEN
|d 2009-09-03
|g 0.00
|l 9
|m 50
|o 954.92031 BAN
|p 3010010323
|r 2025-12-17
|s 2025-10-15
|t 1
|w 2009-09-03
|y BK
|x No price found in the accession register.
|
| 952 |
|
|
|0 0
|1 0
|2 ddc
|4 0
|6 954_920310000000000_BAN
|7 0
|9 22673
|a BRACUL
|b BRACUL
|c GEN
|d 2013-06-13
|l 18
|m 93
|o 954.92031 BAN
|p 3010010376
|r 2025-07-01
|s 2025-02-08
|t 2
|w 2013-06-13
|y BK
|
| 952 |
|
|
|0 0
|1 0
|2 ddc
|4 0
|6 954_920300000000000_1_BAN
|7 0
|9 43510
|a SCL
|b SCL
|c GEN
|d 2014-08-30
|g 761.00
|l 10
|m 16
|o 954.92031 BAN
|p 3020006970
|r 2025-06-28
|s 2025-06-28
|t 3
|w 2014-08-30
|y BK
|